| LEADER |
00770nam0a2200229 450 |
| 001 |
16823926 |
| 010 |
|
|
|a 978-2-7470-5742-4
|b rel.
|d 19,9
|
| 100 |
|
|
|a 20151007d2026 u u0frey01 ba
|
| 101 |
0 |
|
|a fre
|
| 102 |
|
|
|a FR
|
| 200 |
0 |
|
|a Antiquité & mythologie en BD
|f Sophie Crépon
|g [illustrations de] Béatrice Veillon
|
| 207 |
|
1 |
|a
|
| 210 |
|
|
|a [Paris]
|c Bayard Jeunesse
|d DL 2015
|
| 215 |
|
|
|a 1 vol. (197 p.)
|c ill. en coul.
|d 30 cm
|
| 225 |
1 |
|
|a Images doc
|
| 300 |
|
|
|a Index,Index
|
| 676 |
|
|
|a 930
|
| 700 |
|
0 |
|a Crépon
|b Sophie
|c Auteur du texte
|4 70
|
| 702 |
|
0 |
|a Veillon
|b Béatrice
|f 1959-....
|4 440
|
| 900 |
|
|
|a Documentaire jeunesse
|
| 901 |
|
|
|a Accessible au prêt
|
| 995 |
|
|
|a Bibliothèque
|c Bibliothèque
|f 024016930
|h 024016930
|k E 930 CRE
|o p
|q j
|r az
|e Bibliothèque
|